Vízia daňovej kontroly dnes a zajtra

Daňová kontrola by mala dodržať racionálnu proporcionalitu medzi prevenciou a represiou, aby ľudia a firmy akceptovali tézu o tom, že platiť dane sa oplatí. Meranie daňových únikov. Sofistikovanie daňovej kontroly od r. 2004. Niektoré objektívne bariéry po legislatívnych zmenách. Filozofia zmeny prí...

ver descrição completa

Na minha lista:
Detalhes bibliográficos
Autor principal: Burák, Emil
Formato: Capítulo de Livro
Idioma:eslovaco
Assuntos:
Tags: Adicionar Tag
Sem tags, seja o primeiro a adicionar uma tag!

MARC

LEADER 00000naa$a2200000$$$4500
001 0036728
005 20231006121209.1
041 0 |a slo 
044 |a SK 
245 1 0 |a Vízia daňovej kontroly dnes a zajtra  |c Emil Burák 
520 |a Daňová kontrola by mala dodržať racionálnu proporcionalitu medzi prevenciou a represiou, aby ľudia a firmy akceptovali tézu o tom, že platiť dane sa oplatí. Meranie daňových únikov. Sofistikovanie daňovej kontroly od r. 2004. Niektoré objektívne bariéry po legislatívnych zmenách. Filozofia zmeny prístupu v daňovej kontrole. 
610 2 0 |a kontrola daňová 
610 2 0 |a únik daňový 
610 2 0 |a nedoplatky 
610 2 0 |a prevencia 
610 2 0 |a daňovníci 
610 2 0 |a úpravy právne 
100 1 |a Burák, Emil